Quizzes
Events
Quiz Creation
Community
Videos
Private Events
Remove Ads
Sign In
Join for FREE
Feedback
Dark Mode
Quiz Categories
Sports
Geography
Music
Movies
Television
Just For Fun
Miscellaneous
History
Literature
Language
Science
Gaming
Entertainment
Religion
Holiday
For Kids
Quiz Lab
Recent
Popular Today
Quiz Kudos Today
Editor Picks
Curator Picks
Quizzes by...
Day
Popularity
Type
Ratings
Length
Year
Community
Subscriptions
Recent Discussions
Orange Saloon
Badges
Playlists
Quests
Create
Leaderboards
Showdown
Live 5
Trivia Bingo
Activity
Puzzle Library
Sporcle Events
Private Events
Virtual Trivia
Globe League
Become a Host
Pub Owners
SporcleCon
Opinionation
Our Games
Videos
Blog
Mobile Apps
Partnerships
Remove Ads and Go Orange
Feedback
Entertainment
Celebrity
Famous
Musical
Broadway
Show
Quote
Comic Books
Anime
Superhero
DC Comics
Marvel
Cartoons
Animation
Entertainment
Celebrity
Famous
Musical
Broadway
Show
Quote
Comic Books
Anime
Superhero
DC Comics
Marvel
Cartoons
Animation
Random Quiz
Search Sporcle
×
Quiz Lab
Quiz Lab
Entertainment
Song
Type in answers that appear in a list
Type in answers that appear in a list
Classic
Best Score? Go Orange.
Funny the Way It Is Lyrics ~Dave Matthews Band Stats
Can you name the lyrics from the song Funny the Way It Is by the Dave Mathews band, minus the chorus?
By
pmania34
7m
300 Questions
376 Plays
376 Plays
376 Plays
Comments
Comments
Give Quiz Kudos
Give Quiz Kudos
-
- Ratings
hide this ad
Replay
Link that replays current quiz
Next Quiz
Link to next quiz in quiz playlist
You Got
0%
They Got
Avg Score
76%
Avg Friend Score
Upgrade to see
Score Distribution
Jump to the score distribution portion of the page
Score
0/300
Timer
07:00
0
Plays Today
Lyric
% Correct
the
99.5%
a
99.5%
the
99.5%
and
99.5%
the
99.5%
a
99.5%
The
99.5%
and
99.5%
the
99.5%
and
99.5%
a
99.5%
the
99.5%
And
99.5%
and
99.5%
the
99.5%
the
99.5%
and
99.5%
the
99.5%
and
99.5%
The
99.5%
a
99.5%
a
99.5%
a
99.5%
A
99.5%
a
99.5%
the
99.5%
the
99.5%
the
99.5%
the
99.5%
a
99.5%
the
99.5%
the
99.5%
a
99.5%
the
99.5%
the
99.5%
a
99.5%
the
99.5%
the
99.5%
A
99.5%
it
97.3%
it
97.3%
it
97.3%
it
97.3%
it
97.3%
it
97.3%
it
97.3%
it
97.3%
it
97.3%
it
97.3%
it
97.3%
it
97.3%
it
97.3%
is
96.8%
is
96.8%
is
96.8%
is
96.8%
is
96.8%
is
96.8%
is
96.8%
is
96.8%
is
96.8%
Is
96.8%
is
96.8%
is
96.8%
is
96.8%
is
96.8%
Funny
96.5%
way
96.5%
Funny
96.5%
way
96.5%
way
96.5%
Funny
96.5%
way
96.5%
Funny
96.5%
way
96.5%
Funny
96.5%
way
96.5%
Funny
96.5%
way
96.5%
Funny
96.5%
way
96.5%
Funny
96.5%
way
96.5%
be
94.4%
on
94.1%
on
94.1%
On
94.1%
on
94.1%
On
94.1%
on
94.1%
On
94.1%
so
93.6%
so
93.6%
in
93.4%
in
93.4%
in
93.4%
you
93.4%
in
93.4%
You
93.4%
you
93.4%
Lyric
% Correct
you
93.4%
you
93.4%
think
91.8%
think
91.8%
think
91.8%
think
91.8%
about
91.5%
about
91.5%
about
91.5%
about
91.5%
day
89.9%
day
89.9%
out
89.9%
out
89.9%
out
89.9%
out
89.9%
out
89.9%
out
89.9%
if
85.4%
if
85.4%
if
85.4%
if
85.4%
beautiful
84.8%
play
84%
play
84%
Someone
83.8%
someone
83.8%
someone
83.8%
park
83.5%
children
83%
children
83%
Lying
81.6%
down
81.6%
down
81.6%
down
81.6%
like
80.9%
Like
80.9%
to
80.9%
to
80.9%
to
80.9%
to
80.9%
to
80.9%
this
79.8%
we
79.5%
fire
77.7%
song
77.4%
song
77.4%
song
77.4%
house
76.1%
burning
75.5%
or
75.5%
or
75.5%
or
75.5%
or
75.5%
or
75.5%
school
75.3%
school
75.3%
school
75.3%
engine
73.1%
dropping
72.9%
dropping
72.9%
dropping
72.9%
right
72.3%
wrong
72.3%
One
72.3%
right
72.3%
wrong
72.3%
One
72.3%
right
72.3%
wrong
72.3%
right
72.3%
wrong
72.3%
grass
72.1%
can't
72.1%
me
72.1%
can't
72.1%
your
71.5%
your
71.5%
your
71.5%
walks
71.5%
walks
71.5%
your
71.5%
walks
71.5%
Someone's
71.3%
kid
71%
he
71%
kid
71%
kid
71%
red
70.7%
why
70.7%
miles
70.7%
miles
70.7%
miles
70.7%
ten
70.5%
ten
70.5%
eating
69.9%
war
69.7%
friends
69.7%
war
69.7%
up
69.7%
Lyric
% Correct
hear
69.1%
favorite
68.9%
favorite
68.9%
hungry
68.6%
Siren's
67.6%
comes
67%
another's
67%
born
67%
another's
67%
born
67%
another's
67%
crying
66%
becomes
66%
breath
66%
being
66%
breath
66%
being
66%
becomes
66%
last
65.7%
last
65.7%
baby's
65.4%
baby's
65.4%
we're
65.2%
else
64.9%
evening
64.6%
heart
64.6%
heart
64.6%
ten
64.6%
apartment
64.4%
upstairs
64.4%
hanging
64.1%
going
64.1%
broken
63.6%
broken
63.6%
water
63.3%
soldiers's
63.3%
soldier's
63.3%
playing
62%
Somebody's
62%
Somebody's
62%
Somebody's
62%
car
60.9%
not
60.9%
not
60.9%
not
60.9%
not
60.9%
front
59.6%
screaming
59.6%
Sunshine
58.8%
by
58.8%
windows
58.8%
with
58.2%
rolled
57.2%
passing
54.8%
step
54.8%
while
54.5%
that
54%
kiss
52.4%
bird
52.4%
his
52.4%
bird
52.4%
his
52.4%
lovers
51.1%
mouth
48.7%
fish
48.7%
feels
48.4%
blast
48.1%
there
46.3%
there
46.3%
bomb
45.7%
rolls
43.4%
breeze
43.1%
Watch
42%
floor
41.5%
laughter
40.2%
but
39.9%
but
39.9%
crashing
39.6%
stop
38.6%
trying
38.6%
pretty
38%
her
37%
building
36.7%
looking
35.9%
of
35.4%
brings
34.8%
Boy
31.9%
catch
31.4%
never
30.6%
sky
29.3%
my
28.7%
every
28.7%
close
27.9%
time
27.9%
jet
26.9%
far
26.6%
reach
26.1%
chase
24.2%
He'll
22.3%
planes
19.4%
Quiz Playlist
Details
Report
Send in Message
Add To Playlist
Classic:
Type in answers that appear in a list
Quiz Source
Last Updated: Feb 16, 2017
Quiz Scoreboard
CHALLENGE
Sign Up to Join the Scoreboard
Show All
Scores
Hide
Comments
May contain spoilers
Recently Published
College Basketball Coaching Resumes
by pancakes188
Sports
9m
Billboard Blitz: Fleetwood Mac
by CooCooCachoo
Music
15s
Presidents Visiting Landmarks
by Hejman
History
7m
More to Explore
Quiz From the Vault
Featured Blog Post
Where Did the Easter Bunny Come From?
hide this ad
You Might Also Like...
Tags
Lyrics Quiz
Song Quiz
Dave Matthews
Dave Matthews Band
Funny
King
Whiskey
Today's Top Quizzes in Entertainment
Browse Entertainment
hide this ad
Today's Top Quizzes in Song
Browse Song
Top Contributed Quizzes in Entertainment
1
7-to-1: DC Comics Villains
2
Marvel Characters Bunker
3
Eurovision 2023 Logic Puzzle
4
Dragon Ball Z: Goku's Fights in Order
5
Criteria Quickie: Cartoon Taxonomy II
6
Sorting Pictures: Villains
7
Kamen Rider Motifs
8
Mini Trivia Sudoku: Musicals
9
Fictional Villains Letter U Blitz
10
7-to-1: One Piece
Explore More
Trending Topics
Harry Potter
Disney
Crossword
Anime
NBA
Kpop
Marvel
WWE
Pokémon
Country
Song
The Office
Soccer
NFL
Puzzle
hide this ad
More By:
pmania34
Quiz
Plays
Rating
Category
Featured
Created
Arctic Circle Countries
594
4.18
Geography
Sep 27, 2009
Funny the Way It Is Lyrics ~Dave Matthews Band
376
5.00
Entertainment
Dec 15, 2011
Counties of New Jersey
340
4.80
Geography
Oct 4, 2009
Go to Creator's Profile
Score Distribution
Quiz Creator Spotlight
pmania34
Follow
Send a Message
Quizzes Created
-
Created Quiz Play Count
-
More By This Creator
Popular Quizzes Today
1
Find the US States - No Outlines Minefield
2
Find the Countries of Europe - No Outlines Minefield
3
The Countries of the World
4
Find the US States
5
Risky Map Clicking: Biggest States A-Z
6
US States
7
Popular People in 1961
8
Movies - When Are They Set?
More Entertainment Quizzes
Interview Magazine Covers (1980s)
Editor's Pick
Trending Quizzes
Risky Map Clicking: Least Populous States A-Z
1-10 Letter G Words
1-10 Letter F Words
Risky Map Clicking: Next State Alphabetically
Risky Map Clicking: Biggest States A-Z
Recently Updated
Leaping Animals
pecheneg
Reality TV Shows (A-Z)
bhenderson79
Rickey Henderson's Hall of Fame Teammates
pecheneg
Champions League XIs: Arsenal
pecheneg
Quick Pick: Celebrities in WWE's Hall of Fame
aduchscher
A-Z Keypad Blitz II
pecheneg
Multiple Oscar Actors
pecheneg
Mystery Phrase Blitz: Oscar 'Best Actors'
pecheneg
F. Scott Fitzgerald Novels
LTH
Pick 3 Villains
ddd62291
Trending Topics
Crossword
Harry Potter
Disney
NBA
Marvel
Kpop
Anime
Puzzle
Song
Country
Soccer
Pokémon
NFL
The Office
WWE
Your Account Isn't Verified!
In order to create a playlist on Sporcle, you need to verify the email address you used during registration. Go to your
Sporcle Settings
to finish the process.
Report this User
Report this user for behavior that violates our
Community Guidelines
.
Details:
Send Report
Go to the Sporcle.com Mobile Site →
Comments